[Event "Copenhagen Chess Challenge 2008"]
[Site "Ballerup"]
[Date "2008.??.??"]
[Round "6"]
[White "Ivanov, Mikhail"]
[Black "Tikkanen, Hans"]
[Result "1-0"]
[WhiteElo "2492"]
[BlackElo "2437"]
[PlyCount "113"]
[EventDate "2008.??.??"]
[EventType "swiss"]
[EventRounds "9"]
[EventCountry "DEN"]

1. d4 d5 2. c4 e6 3. Nf3 c6 4. g3 dxc4 5. Bg2 b5 6. a4 Bb7 7. O-O Nd7 8. Ne5
Nxe5 9. axb5 Qc8 10. dxe5 cxb5 11. Bxb7 Qxb7 12. b3 Rd8 13. Qc2 Rc8 14. bxc4
Rxc4 15. Qd3 Ne7 16. Ba3 Nc6 17. Bxf8 Rxf8 18. Nd2 Rd4 19. Qe3 Qd7 20. Nf3 Rd5
21. Rfc1 f6 22. Ra6 Rd1+ 23. Kg2 Rxc1 24. Qxc1 Nxe5 25. Qc5 Rf7 26. Nxe5 fxe5
27. Rd6 Qb7+ 28. f3 Re7 29. Qxe5 Qb8 30. Qh5+ g6 31. Qe5 Kf7 32. Qd4 Qf8 33.
Rd8 Re8 34. Qxa7+ Kf6 35. Qd4+ Kf7 36. Rd6 Kg8 37. Rb6 Rb8 38. Rxe6 Qf7 39. Qe5
Rf8 40. Re7 Qf6 41. Qxf6 Rxf6 42. Rb7 Rf5 43. h4 h5 44. Kf2 Re5 45. Ke1 Kf8 46.
Kd2 g5 47. Kd3 Rc5 48. e4 g4 49. fxg4 hxg4 50. Ke3 Rc3+ 51. Kf4 Rb3 52. Kxg4 b4
53. h5 Rb1 54. h6 b3 55. h7 Rh1 56. Rxb3 Rxh7 57. Rb8+ 1-0

[Event "Copenhagen Chess Challenge 2008"]
[Site "Ballerup"]
[Date "2008.??.??"]
[Round "6"]
[White "Kludacz, Magdalena"]
[Black "Movsziszian, Karen"]
[Result "0-1"]
[WhiteElo "2215"]
[BlackElo "2536"]
[PlyCount "52"]
[EventDate "2008.??.??"]
[EventType "swiss"]
[EventRounds "9"]
[EventCountry "DEN"]

1. d4 d6 2. c4 f5 3. Nf3 Nf6 4. g3 g6 5. b4 Bg7 6. Bb2 O-O 7. Bg2 c6 8. O-O Qe8
9. Nbd2 Kh8 10. Qc2 Be6 11. Ne1 Nbd7 12. Nd3 Bg8 13. b5 cxb5 14. cxb5 Nd5 15.
Rfc1 g5 16. e4 fxe4 17. Nxe4 Qg6 18. Qd2 g4 19. Rc2 Rf5 20. a4 Raf8 21. Qa5 Rf3
22. Bxf3 Rxf3 23. Re1 Rxd3 24. Qxa7 Ne3 25. fxe3 Qxe4 26. Rc8 Rd2 0-1

[Event "Copenhagen Chess Challenge 2008"]
[Site "Ballerup"]
[Date "2008.??.??"]
[Round "6"]
[White "Mikkelsen, Nikolaj"]
[Black "Karim, Ismael"]
[Result "1-0"]
[WhiteElo "2392"]
[BlackElo "2394"]
[PlyCount "73"]
[EventDate "2008.??.??"]
[EventType "swiss"]
[EventRounds "9"]
[EventCountry "DEN"]

1. e4 c6 2. d4 d5 3. Nc3 dxe4 4. Nxe4 Bf5 5. Ng3 Bg6 6. h4 h6 7. Nf3 Nd7 8. h5
Bh7 9. Bd3 Bxd3 10. Qxd3 e6 11. Bf4 Ngf6 12. O-O-O Qa5 13. Kb1 Be7 14. Rhe1 Nd5
15. Bd2 Nb4 16. Qb3 Qb6 17. Nf5 Nd5 18. Nxg7+ Kd8 19. c4 Qxb3 20. axb3 N5f6 21.
d5 cxd5 22. cxd5 Nxd5 23. Nxe6+ fxe6 24. Rxe6 Ke8 25. Bxh6 N7f6 26. Bg5 Rxh5
27. Rxe7+ Nxe7 28. Bxf6 Rf5 29. Bh4 Ng6 30. Bg5 a5 31. Rd6 Nf8 32. Rb6 Rf7 33.
Ne5 Rc7 34. Rd6 Rg7 35. f4 b5 36. Rb6 Nh7 37. Re6+ 1-0

[Event "Copenhagen Chess Challenge 2008"]
[Site "Ballerup"]
[Date "2008.??.??"]
[Round "6"]
[White "Peschardt, Soren"]
[Black "Pallesen, Jacob"]
[Result "1-0"]
[WhiteElo "2130"]
[BlackElo "2038"]
[PlyCount "83"]
[EventDate "2008.??.??"]
[EventType "swiss"]
[EventRounds "9"]
[EventCountry "DEN"]

1. d4 f5 2. Nc3 d5 3. Nf3 Nf6 4. Bg5 e6 5. e3 Be7 6. Bd3 Nbd7 7. O-O O-O 8. Ne2
h6 9. Bxf6 Nxf6 10. Ne5 g5 11. c4 c6 12. Rc1 Bd6 13. f4 Bd7 14. Nc3 Kg7 15. Qb3
Rb8 16. cxd5 Nxd5 17. Rce1 Bxe5 18. fxe5 Be8 19. Nxd5 cxd5 20. Rc1 Rf7 21. Qc2
Qb6 22. Qf2 Bc6 23. Qe2 Rbf8 24. Rf2 Be8 25. Rcf1 a6 26. b3 Qa7 27. a4 Qb6 28.
Qd1 Rc7 29. g4 f4 30. Bc2 Rxc2 31. Qxc2 Bg6 32. Qd1 Rc8 33. exf4 gxf4 34. Rxf4
Rc2 35. R1f2 Qxb3 36. Rf7+ Bxf7 37. Qxc2 Qe3 38. Qd2 Qb3 39. Qf4 Bg6 40. Qf6+
Kh7 41. Qe7+ Kh8 42. Rf8# 1-0

[Event "Copenhagen Chess Challenge 2008"]
[Site "Ballerup"]
[Date "2008.??.??"]
[Round "6"]
[White "Rasmussen, Allan Stig"]
[Black "Brynell, Stellan"]
[Result "1-0"]
[WhiteElo "2510"]
[BlackElo "2461"]
[PlyCount "75"]
[EventDate "2008.??.??"]
[EventType "swiss"]
[EventRounds "9"]
[EventCountry "DEN"]

1. e4 e6 2. d4 d5 3. Nc3 Nc6 4. Nf3 Nf6 5. e5 Ne4 6. Ne2 f6 7. Ng3 fxe5 8. dxe5
Bd7 9. Bd3 Nc5 10. Be2 Be7 11. a3 a5 12. Be3 O-O 13. c4 dxc4 14. Bxc4 a4 15.
Qc2 b6 16. Rd1 Qe8 17. Nf5 Nd8 18. Nxe7+ Qxe7 19. Ng5 g6 20. Bxc5 bxc5 21. Ne4
Bc6 22. Nf6+ Kg7 23. O-O Nf7 24. f4 Rfd8 25. Qc3 Rab8 26. h3 h5 27. Rxd8 Rxd8
28. Qg3 Rd2 29. Rf2 Qd8 30. Rxd2 Qxd2 31. Bxe6 Qe2 32. Qf2 Qd1+ 33. Kh2 Qc1 34.
Qg3 Qd1 35. f5 Nh8 36. fxg6 Qe2 37. Qg5 Bf3 38. Ne8+ 1-0

[Event "Copenhagen Chess Challenge 2008"]
[Site "Ballerup"]
[Date "2008.??.??"]
[Round "6"]
[White "Semcesen, Daniel"]
[Black "Skovgaard, Peter Nicolai"]
[Result "1/2-1/2"]
[WhiteElo "2351"]
[BlackElo "2244"]
[PlyCount "120"]
[EventDate "2008.??.??"]
[EventType "swiss"]
[EventRounds "9"]
[EventCountry "DEN"]

1. d4 Nf6 2. Nf3 e6 3. g3 d5 4. Bg2 Nbd7 5. O-O b6 6. c4 Bb7 7. Ne5 Nxe5 8.
dxe5 Ne4 9. cxd5 exd5 10. f3 Nc5 11. Be3 Qe7 12. f4 O-O-O 13. Nd2 d4 14. Bf2
Bxg2 15. Kxg2 Qd7 16. Nf3 d3 17. exd3 Nxd3 18. Bd4 Nxf4+ 19. gxf4 Bc5 20. Qc2
Bxd4 21. Rad1 Qg4+ 22. Kh1 Bc5 23. Qe4 Kb8 24. b4 Rxd1 25. Rxd1 Be7 26. Rg1 Qh3
27. Nd4 Bh4 28. Nc6+ Kc8 29. Nxa7+ Kb8 30. Nc6+ Kc8 31. Rxg7 Bf2 32. Rg2 Qd7
33. Qf3 Be3 34. b5 Qd3 35. h3 Qb1+ 36. Kh2 Qc1 37. Ne7+ Kb8 38. Nd5 Bc5 39. Nf6
Rd8 40. Nd7+ Ka7 41. Nxc5 Qxc5 42. Qc6 Rd4 43. Qxc5 bxc5 44. Kg3 c4 45. Kg4 Kb6
46. Kg5 h6+ 47. Kf5 Kxb5 48. Rf2 c3 49. Kf6 Rc4 50. f5 c2 51. Rf1 Rf4 52. Rc1
Rf2 53. Kxf7 Rxf5+ 54. Ke6 Rf2 55. Kd7 Kb4 56. e6 Kc3 57. Kxc7 Kb2 58. Rxc2+
Rxc2+ 59. Kd7 Rd2+ 60. Kc7 Re2 1/2-1/2

[Event "Copenhagen Chess Challenge 2008"]
[Site "Ballerup"]
[Date "2008.??.??"]
[Round "6"]
[White "Smith, Axel"]
[Black "Nilsson, Sebastian"]
[Result "1/2-1/2"]
[WhiteElo "2428"]
[BlackElo "2215"]
[PlyCount "254"]
[EventDate "2008.??.??"]
[EventType "swiss"]
[EventRounds "9"]
[EventCountry "DEN"]

1. e4 Nf6 2. e5 Nd5 3. d4 d6 4. Nf3 g6 5. exd6 cxd6 6. Bc4 Nb6 7. Bb3 Bg7 8.
O-O Nc6 9. Re1 O-O 10. c3 Bg4 11. h3 Bxf3 12. Qxf3 e5 13. dxe5 dxe5 14. Be3 Qe7
15. Nd2 Na5 16. Bc2 Nbc4 17. Nxc4 Nxc4 18. Bc1 Nd6 19. Bb3 Kh8 20. Be3 f5 21.
Rad1 b6 22. Rd5 Rad8 23. Qe2 Ne4 24. Red1 Rxd5 25. Bxd5 Nc5 26. Bc4 Ne6 27. Bc1
Rc8 28. Bb5 Rd8 29. Kf1 Rd6 30. Rxd6 Qxd6 31. Qd2 Qxd2 32. Bxd2 Kg8 33. a4 Kf8
34. a5 Nc7 35. axb6 axb6 36. Bc4 b5 37. Ba2 Ke7 38. Ke2 Ne6 39. Kd3 Nf4+ 40.
Bxf4 exf4 41. b4 Bf6 42. Bd5 Kd7 43. Bg8 Ke7 44. c4 bxc4+ 45. Kxc4 h5 46. Kd5
h4 47. Kc6 Bd4 48. f3 Kd8 49. Be6 g5 50. Bxf5 Bc3 51. b5 Bd4 52. Kd6 Be3 53.
Ke6 Kc7 54. Kf6 Bf2 55. Kxg5 Bg3 56. Bd3 Kb6 57. Kf5 Kc5 58. Ke5 Bh2 59. Bf1
Bg3 60. Ke6 Kb6 61. Kd6 Bh2 62. Kd5 Bg3 63. Kc4 Kb7 64. Kc5 Bf2+ 65. Kd5 Bg3
66. Kd6 Kb6 67. Kd7 Kb7 68. Bd3 Kb6 69. Kc8 Bf2 70. Be2 Be1 71. Kd7 Bg3 72. Bf1
Kb7 73. Kd6 Kb6 74. Bc4 Bh2 75. Be2 Bg3 76. Bf1 Kb7 77. Ke5 Kb6 78. Ke4 Kc5 79.
Be2 Kb6 80. Kd4 Bf2+ 81. Kc4 Bg3 82. Bd3 Kb7 83. Bf5 Kb6 84. Bg6 Kb7 85. Bh7
Kb6 86. Bg6 Kb7 87. Bh7 Kb6 88. Bf5 Kb7 89. Bb1 Kb6 90. Bd3 Kb7 91. Bf1 Kb6 92.
Kd5 Kb7 93. Kc5 Bf2+ 94. Kd6 Bg3 95. Kd7 Kb6 96. Kd6 Kb7 97. Kd7 Kb6 98. Kc8
Bf2 99. g4 fxg3 100. Kd7 Be3 101. Kd6 g2 102. Bxg2 Kxb5 103. Bf1+ Kb6 104. Bd3
Bd2 105. Be4 Be3 106. Bc6 Bd2 107. Ba8 Be3 108. Ke5 Kc7 109. f4 Kd7 110. Kf5
Ke7 111. Kg5 Bf2 112. f5 Kf8 113. f6 Be1 114. Bd5 Bg3 115. Kg6 Be1 116. Kh5 Bf2
117. Kg4 Be1 118. Kf3 Bg3 119. Kg2 Be1 120. Bf7 Kxf7 121. Kh1 Kxf6 122. Kg2 Kf5
123. Kh1 Kf4 124. Kg2 Ba5 125. Kh1 Kg3 126. Kg1 Bb6+ 127. Kh1 Kxh3 1/2-1/2

[Event "Copenhagen Chess Challenge 2008"]
[Site "Ballerup"]
[Date "2008.??.??"]
[Round "7"]
[White "Almasy, Alexander Christian"]
[Black "Haubro, Martin"]
[Result "1-0"]
[WhiteElo "1755"]
[BlackElo "1791"]
[PlyCount "33"]
[EventDate "2008.??.??"]
[EventType "swiss"]
[EventRounds "9"]
[EventCountry "DEN"]

1. d4 f5 2. e4 e6 3. exf5 exf5 4. Bd3 d5 5. Nf3 Nf6 6. O-O Be7 7. c4 O-O 8. Nc3
c6 9. Qc2 Qd7 10. Ne5 Qe6 11. Re1 Na6 12. a3 Nc7 13. f3 Nd7 14. Bf4 Ne8 15.
cxd5 cxd5 16. Nxd5 Nxe5 17. Rxe5 1-0

[Event "Copenhagen Chess Challenge 2008"]
[Site "Ballerup"]
[Date "2008.??.??"]
[Round "7"]
[White "Andersen, Daniel"]
[Black "Haubro, Sigfred"]
[Result "0-1"]
[WhiteElo "2010"]
[BlackElo "2130"]
[PlyCount "50"]
[EventDate "2008.??.??"]
[EventType "swiss"]
[EventRounds "9"]
[EventCountry "DEN"]

1. c4 e5 2. Nc3 Nc6 3. Nf3 d6 4. g3 f5 5. d4 e4 6. Ng5 Be7 7. Nh3 Bf6 8. e3
Nge7 9. Nf4 O-O 10. Ncd5 g5 11. Nxf6+ Rxf6 12. Nd5 Nxd5 13. cxd5 Ne7 14. Bc4
Rb8 15. a4 Ng6 16. Bd2 Rf7 17. f3 Qe7 18. Qe2 exf3 19. Qxf3 f4 20. gxf4 Rxf4
21. Qe2 Bg4 22. Qd3 Bf3 23. Rf1 g4 24. Bc3 Qh4+ 25. Rf2 Re8 0-1

[Event "Copenhagen Chess Challenge 2008"]
[Site "Ballerup"]
[Date "2008.??.??"]
[Round "7"]
[White "Brynell, Stellan"]
[Black "Glud, Jakob Vang"]
[Result "1/2-1/2"]
[WhiteElo "2461"]
[BlackElo "2456"]
[PlyCount "22"]
[EventDate "2008.??.??"]
[EventType "swiss"]
[EventRounds "9"]
[EventCountry "DEN"]

1. d4 d5 2. c4 c6 3. Nc3 Nf6 4. e3 a6 5. Nf3 Bf5 6. Bd3 Bxd3 7. Qxd3 e6 8. O-O
Nbd7 9. e4 dxe4 10. Nxe4 Be7 11. Bf4 Nxe4 1/2-1/2

[Event "Copenhagen Chess Challenge 2008"]
[Site "Ballerup"]
[Date "2008.??.??"]
[Round "7"]
[White "Grandelius, Nils"]
[Black "Johansson, Alexander"]
[Result "1-0"]
[WhiteElo "2388"]
[BlackElo "2046"]
[PlyCount "77"]
[EventDate "2008.??.??"]
[EventType "swiss"]
[EventRounds "9"]
[EventCountry "DEN"]

1. d4 d5 2. c4 e6 3. Nf3 f5 4. Qc2 Nf6 5. Bf4 c6 6. Nc3 Bd6 7. Bxd6 Qxd6 8. e3
a6 9. Bd3 Nbd7 10. cxd5 cxd5 11. O-O O-O 12. Ne2 Ne4 13. Rac1 Rf6 14. Qc7 Qe7
15. Ne5 Nd6 16. Qa5 Rh6 17. Rc7 Ne8 18. Rc2 Nxe5 19. dxe5 Qh4 20. h3 Bd7 21.
Nd4 Rg6 22. Bxf5 exf5 23. Qxd5+ Kh8 24. Qxd7 Qe4 25. g3 Qxe5 26. Qxf5 Qd6 27.
Rc8 Rf6 28. Rxa8 Rxf5 29. Nxf5 Qd7 30. Nd6 h6 31. Nxe8 Kh7 32. Rc1 h5 33. h4
Qd5 34. Rac8 Qxa2 35. R8c7 Qxb2 36. Rxg7+ Kh8 37. Rcc7 Qb1+ 38. Kh2 b5 39. Nf6
1-0

[Event "Copenhagen Chess Challenge 2008"]
[Site "Ballerup"]
[Date "2008.??.??"]
[Round "7"]
[White "Hansen, Martin"]
[Black "Kludacz, Magdalena"]
[Result "1/2-1/2"]
[WhiteElo "2107"]
[BlackElo "2215"]
[PlyCount "134"]
[EventDate "2008.??.??"]
[EventType "swiss"]
[EventRounds "9"]
[EventCountry "DEN"]

1. e4 e6 2. d4 d5 3. Nd2 Nf6 4. e5 Nfd7 5. Bd3 c5 6. c3 Nc6 7. Ne2 cxd4 8. cxd4
f6 9. exf6 Nxf6 10. Nf3 Bd6 11. O-O O-O 12. Bf4 Bxf4 13. Nxf4 Ng4 14. Ne2 Qd6
15. Ng3 e5 16. dxe5 Ncxe5 17. Nxe5 Qxe5 18. Be2 Nf6 19. Qd2 h5 20. Bf3 h4 21.
Rfe1 Qd6 22. Ne4 Nxe4 23. Bxe4 Be6 24. Rad1 Rad8 25. Qe2 Qf4 26. Bf3 Rf6 27.
Qe3 Qxe3 28. fxe3 h3 29. Rd2 hxg2 30. Bxg2 Rg6 31. Kh1 Bf7 32. Rd4 Rc6 33. Rd2
Rc5 34. Red1 Kf8 35. h3 Re8 36. Bxd5 Bxd5+ 37. Rxd5 Rxd5 38. Rxd5 Rxe3 39. Rb5
b6 40. Kg2 Ke7 41. h4 Kf6 42. a4 Re4 43. a5 bxa5 44. Rxa5 Rxh4 45. Rxa7 Rb4 46.
Kg3 Rxb2 47. Ra4 Rb5 48. Kg4 Rg5+ 49. Kf4 Rf5+ 50. Kg4 Rg5+ 51. Kf4 Rg1 52.
Ra6+ Kf7 53. Ra4 Kg6 54. Ra5 Kh6 55. Kf3 Rg5 56. Ra1 Rb5 57. Ra4 Kh5 58. Kg3
Rb3+ 59. Kg2 g5 60. Rc4 Re3 61. Ra4 Rb3 62. Rc4 Rb2+ 63. Kg3 Rb3+ 64. Kg2 g4
65. Rc8 Kh4 66. Rh8+ Kg5 67. Rg8+ Kf4 1/2-1/2

[Event "Copenhagen Chess Challenge 2008"]
[Site "Ballerup"]
[Date "2008.??.??"]
[Round "7"]
[White "Hartsteen, Mark"]
[Black "Brauener, Jonathan"]
[Result "1/2-1/2"]
[WhiteElo "1909"]
[BlackElo "1920"]
[PlyCount "67"]
[EventDate "2008.??.??"]
[EventType "swiss"]
[EventRounds "9"]
[EventCountry "DEN"]

1. c4 e5 2. d3 Nc6 3. Nf3 f5 4. Nc3 Nf6 5. g3 g6 6. Bg2 Bg7 7. O-O O-O 8. Rb1
d6 9. Bd2 h6 10. b4 g5 11. c5 Ne7 12. Qb3+ Kh8 13. Rfc1 Ng6 14. cxd6 cxd6 15.
Nb5 g4 16. Ne1 f4 17. Nc7 Rb8 18. Ne6 Bxe6 19. Qxe6 Re8 20. Qf7 Kh7 21. Rc7 Re7
22. Rxe7 Nxe7 23. gxf4 Qd7 24. fxe5 dxe5 25. Rc1 Rf8 26. Qc4 Rc8 27. Qb3 Rf8
28. Nc2 Kh8 29. Ne3 Ng6 30. Rc4 Nf4 31. Kf1 N6h5 32. Qd1 Rf6 33. Bc1 Nxg2 34.
Kxg2 1/2-1/2

[Event "Copenhagen Chess Challenge 2008"]
[Site "Ballerup"]
[Date "2008.??.??"]
[Round "7"]
[White "Skovgaard, Peter Nicolai"]
[Black "Olsson, Linus"]
[Result "1/2-1/2"]
[WhiteElo "2244"]
[BlackElo "2372"]
[PlyCount "102"]
[EventDate "2008.??.??"]
[EventType "swiss"]
[EventRounds "9"]
[EventCountry "DEN"]

1. e4 c5 2. Nf3 d6 3. c3 Nf6 4. Bd3 Nc6 5. Bc2 Bg4 6. h3 Bxf3 7. Qxf3 g6 8. d3
Bg7 9. Be3 O-O 10. O-O b5 11. Nd2 Nd7 12. Rac1 Nb6 13. Qe2 a5 14. Nf3 b4 15. d4
bxc3 16. bxc3 cxd4 17. cxd4 Nb4 18. Bb1 d5 19. e5 Nc4 20. Rc3 a4 21. a3 Nc6 22.
Nd2 Nxe3 23. fxe3 Qb6 24. Rfc1 Rac8 25. Qd1 Na7 26. Rxc8 Nxc8 27. Qxa4 Bh6 28.
Nf1 Qb2 29. Re1 Nb6 30. Qb4 Qxb4 31. axb4 Ra8 32. Bd3 Ra3 33. Rd1 Rb3 34. b5
Kf8 35. Kf2 Ke8 36. Ke2 Na4 37. Kd2 Rb2+ 38. Bc2 Nb6 39. Rb1 Ra2 40. Kc3 Kd7
41. g4 Bg5 42. Kb3 Ra5 43. Bd3 Kc7 44. Rb2 Ra1 45. Rc2+ Kb7 46. e4 Rd1 47. Rc3
e6 48. Kc2 Rc1+ 49. Kb3 Rd1 50. Kc2 Rc1+ 51. Kb3 Rd1 1/2-1/2

[Event "Copenhagen Chess Challenge 2008"]
[Site "Ballerup"]
[Date "2008.??.??"]
[Round "8"]
[White "Akdag, Dara Sevkan"]
[Black "Movsziszian, Karen"]
[Result "0-1"]
[WhiteElo "2095"]
[BlackElo "2536"]
[PlyCount "58"]
[EventDate "2008.??.??"]
[EventType "swiss"]
[EventRounds "9"]
[EventCountry "DEN"]

1. d4 d6 2. c4 g6 3. Nc3 Bg7 4. Nf3 Nf6 5. e4 O-O 6. Be2 c5 7. d5 e6 8. O-O
exd5 9. cxd5 a6 10. a4 Re8 11. Nd2 Nbd7 12. f4 Rb8 13. Kh1 Qc7 14. g4 h6 15. a5
b5 16. axb6 Rxb6 17. e5 dxe5 18. g5 hxg5 19. fxg5 Nh7 20. Nc4 Rb4 21. Ne4 Bb7
22. Rxf7 Kxf7 23. Ned6+ Ke7 24. Nxe8 Kxe8 25. Qd3 Nhf8 26. Bd2 Nb6 27. Nxb6 Rd4
28. Qb3 Rxd2 29. Bxa6 e4 0-1

[Event "Copenhagen Chess Challenge 2008"]
[Site "Ballerup"]
[Date "2008.??.??"]
[Round "8"]
[White "Andersen, Daniel"]
[Black "Hartsteen, Mark"]
[Result "1-0"]
[WhiteElo "2010"]
[BlackElo "1909"]
[PlyCount "59"]
[EventDate "2008.??.??"]
[EventType "swiss"]
[EventRounds "9"]
[EventCountry "DEN"]

1. c4 Nf6 2. Nc3 g6 3. e4 d6 4. d4 Bg7 5. f3 O-O 6. Be3 e5 7. Nge2 Nc6 8. d5
Ne7 9. g4 c6 10. Qd2 cxd5 11. cxd5 Bd7 12. O-O-O b5 13. Ng3 Qa5 14. Kb1 b4 15.
Nce2 Rfc8 16. h4 Rc7 17. Nc1 Qa4 18. Bd3 Rac8 19. Nb3 Bb5 20. Rc1 Qa6 21. Bxb5
Qxb5 22. Rxc7 Rxc7 23. Rc1 Rb7 24. Qe2 Qd7 25. Qa6 Ne8 26. Na5 Rb8 27. Nc6 Rb7
28. Bxa7 f5 29. gxf5 gxf5 30. Nxe7+ 1-0

[Event "Copenhagen Chess Challenge 2008"]
[Site "Ballerup"]
[Date "2008.??.??"]
[Round "8"]
[White "De Verdier, Michael"]
[Black "Knudsen, Jes West"]
[Result "1-0"]
[WhiteElo "2225"]
[BlackElo "1980"]
[PlyCount "71"]
[EventDate "2008.??.??"]
[EventType "swiss"]
[EventRounds "9"]
[EventCountry "DEN"]

1. d4 f5 2. Nf3 Nf6 3. c4 g6 4. g3 Bg7 5. Bg2 d6 6. O-O O-O 7. Nc3 e6 8. Rb1 a5
9. a3 Qe8 10. b4 h6 11. b5 Ne4 12. Bb2 Nxc3 13. Bxc3 Nd7 14. Qd2 Nf6 15. Bxa5
Ne4 16. Qe1 g5 17. Bb4 Qh5 18. Nd2 Bxd4 19. Nxe4 fxe4 20. Bxe4 e5 21. e3 Bb6
22. Qd1 Bg4 23. Qd5+ Rf7 24. c5 dxc5 25. Bxc5 Bxc5 26. Qxc5 Raf8 27. Qxe5 Bf3
28. a4 Be2 29. Bxb7 Bxf1 30. Rxf1 Rg7 31. a5 Qg6 32. Be4 Qd6 33. Qxd6 cxd6 34.
Bd5+ Kh8 35. b6 Rb8 36. Rb1 1-0

[Event "Copenhagen Chess Challenge 2008"]
[Site "Ballerup"]
[Date "2008.??.??"]
[Round "8"]
[White "Eriksson, Christian Altenburg"]
[Black "Bejtovic, Jasmin"]
[Result "0-1"]
[WhiteElo "2129"]
[BlackElo "2364"]
[PlyCount "50"]
[EventDate "2008.??.??"]
[EventType "swiss"]
[EventRounds "9"]
[EventCountry "DEN"]

1. e4 c5 2. c3 d5 3. exd5 Qxd5 4. d4 Nc6 5. Nf3 Bg4 6. dxc5 Qxd1+ 7. Kxd1
O-O-O+ 8. Ke1 Nf6 9. Be3 Nd5 10. Bc4 e5 11. b4 f5 12. Bg5 Rd7 13. Bd2 e4 14.
Nd4 Ndxb4 15. cxb4 Nxd4 16. Na3 Be7 17. Rc1 Re8 18. Nb5 Red8 19. c6 bxc6 20.
Nxd4 Rxd4 21. Ba6+ Kc7 22. Bf4+ Bd6 23. Bxd6+ R8xd6 24. Be2 Bxe2 25. Kxe2 Rd2+
0-1

[Event "Copenhagen Chess Challenge 2008"]
[Site "Ballerup"]
[Date "2008.??.??"]
[Round "8"]
[White "Hansen, Lars Henrik Bech"]
[Black "Almasy, Alexander Christian"]
[Result "1/2-1/2"]
[WhiteElo "2072"]
[BlackElo "1755"]
[PlyCount "58"]
[EventDate "2008.??.??"]
[EventType "swiss"]
[EventRounds "9"]
[EventCountry "DEN"]

1. e4 c5 2. Nf3 d6 3. d4 cxd4 4. Nxd4 Nf6 5. Nc3 g6 6. Be2 Bg7 7. Be3 Nc6 8.
O-O O-O 9. f4 Bd7 10. Qd2 Rc8 11. Bf3 Na5 12. b3 a6 13. a4 Qc7 14. Nce2 e5 15.
fxe5 dxe5 16. Nf5 gxf5 17. exf5 e4 18. Bh6 Bxf5 19. Bxg7 Kxg7 20. Bxe4 Nxe4 21.
Qd4+ f6 22. Rxf5 Rce8 23. Rd5 Rf7 24. Rf1 Re5 25. Nf4 Nc6 26. Qd1 Qb6+ 27. Kh1
Nf2+ 28. Rxf2 Qxf2 29. Qg4+ Kh8 1/2-1/2

[Event "Copenhagen Chess Challenge 2008"]
[Site "Ballerup"]
[Date "2008.??.??"]
[Round "8"]
[White "Haubro, Sigfred"]
[Black "Hansen, Martin"]
[Result "1/2-1/2"]
[WhiteElo "2130"]
[BlackElo "2107"]
[PlyCount "67"]
[EventDate "2008.??.??"]
[EventType "swiss"]
[EventRounds "9"]
[EventCountry "DEN"]

1. Nf3 d5 2. d4 Nf6 3. g3 c6 4. Bg2 Bf5 5. O-O Nbd7 6. b3 h6 7. Nbd2 e6 8. c4
Be7 9. Bb2 O-O 10. Rc1 Rc8 11. Ne5 Qc7 12. Nxd7 Qxd7 13. c5 b6 14. Qe1 Rfd8 15.
h3 Qc7 16. Kh2 Bh7 17. a3 Nd7 18. cxb6 axb6 19. e4 Nf6 20. e5 Nd7 21. f4 c5 22.
g4 Qa7 23. f5 cxd4 24. Bxd4 Rxc1 25. Qxc1 Qb8 26. fxe6 fxe6 27. Qc6 Nf8 28. a4
Bc5 29. Bxc5 Qxe5+ 30. Kh1 bxc5 31. Qxc5 Bd3 32. Rf3 Qe1+ 33. Nf1 Be4 34. Qe3
1/2-1/2

[Event "Copenhagen Chess Challenge 2008"]
[Site "Ballerup"]
[Date "2008.??.??"]
[Round "8"]
[White "Hvenekilde, Jorgen"]
[Black "Grandelius, Nils"]
[Result "0-1"]
[WhiteElo "2210"]
[BlackElo "2388"]
[PlyCount "56"]
[EventDate "2008.??.??"]
[EventType "swiss"]
[EventRounds "9"]
[EventCountry "DEN"]

1. e4 e5 2. Nc3 Nf6 3. Bc4 Nc6 4. d3 Na5 5. Nge2 Be7 6. O-O O-O 7. a3 Nxc4 8.
dxc4 d6 9. Ng3 c6 10. Qe2 h6 11. b3 Be6 12. Rd1 Qc7 13. f3 Rad8 14. Be3 b6 15.
a4 d5 16. cxd5 cxd5 17. Nb5 Qb7 18. Bf2 a6 19. Na3 dxe4 20. Rxd8 Rxd8 21. Nxe4
Nxe4 22. fxe4 Bb4 23. Nc4 Bc3 24. Rf1 b5 25. axb5 axb5 26. Na3 Rd2 27. Qxb5
Qxe4 28. Nb1 Bd5 0-1

[Event "Copenhagen Chess Challenge 2008"]
[Site "Ballerup"]
[Date "2008.??.??"]
[Round "8"]
[White "Johansson, Alexander"]
[Black "Grove, Peter"]
[Result "1-0"]
[WhiteElo "2046"]
[BlackElo "2073"]
[PlyCount "65"]
[EventDate "2008.??.??"]
[EventType "swiss"]
[EventRounds "9"]
[EventCountry "DEN"]

1. d4 g6 2. Nf3 Bg7 3. c4 d6 4. Nc3 Nc6 5. d5 Ne5 6. Bf4 Nxf3+ 7. gxf3 e5 8.
dxe6 fxe6 9. Qd2 e5 10. Bg5 Bf6 11. h4 Be6 12. e4 h6 13. Bxf6 Nxf6 14. O-O-O
Nd7 15. Rg1 Qf6 16. Nb5 Kd8 17. Qa5 b6 18. Qa3 a6 19. Kb1 Kc8 20. f4 Kb7 21.
Nxd6+ cxd6 22. Rxd6 Rhc8 23. Bh3 Nc5 24. b4 Rd8 25. bxc5 Rxd6 26. cxd6 exf4 27.
c5 Rc8 28. Rc1 Qd4 29. Bxe6 Qxe4+ 30. Ka1 Qxe6 31. Qb2 Rc6 32. Qg7+ Ka8 33. d7
1-0

[Event "Copenhagen Chess Challenge 2008"]
[Site "Ballerup"]
[Date "2008.??.??"]
[Round "8"]
[White "Kludacz, Magdalena"]
[Black "Christensen, Esben"]
[Result "1-0"]
[WhiteElo "2215"]
[BlackElo "2038"]
[PlyCount "41"]
[EventDate "2008.??.??"]
[EventType "swiss"]
[EventRounds "9"]
[EventCountry "DEN"]

1. d4 Nf6 2. c4 c5 3. d5 b5 4. Nd2 Qa5 5. e4 Nxe4 6. b4 Qxb4 7. Rb1 Qc3 8. Rxb5
Qd4 9. Nxe4 Qxe4+ 10. Be3 d6 11. Nf3 Qg4 12. h3 Qd7 13. Bd3 Qc7 14. Ng5 e5 15.
dxe6 Bxe6 16. Nxe6 fxe6 17. Qh5+ Kd8 18. Be4 Nc6 19. O-O a6 20. Rb2 Rb8 21.
Bxc6 1-0

[Event "Copenhagen Chess Challenge 2008"]
[Site "Ballerup"]
[Date "2008.??.??"]
[Round "8"]
[White "Smith, Axel"]
[Black "Semcesen, Daniel"]
[Result "0-1"]
[WhiteElo "2428"]
[BlackElo "2351"]
[PlyCount "84"]
[EventDate "2008.??.??"]
[EventType "swiss"]
[EventRounds "9"]
[EventCountry "DEN"]

1. e4 e5 2. Nf3 Nc6 3. Bb5 a6 4. Ba4 Nf6 5. O-O b5 6. Bb3 Be7 7. Re1 d6 8. c3
O-O 9. h3 a5 10. d4 a4 11. Bc2 Bd7 12. Nbd2 Re8 13. Nf1 h6 14. N3h2 Bf8 15. f4
a3 16. bxa3 exf4 17. Bxf4 Rxa3 18. Qd2 Qa8 19. Ng3 Na5 20. e5 Nd5 21. Bxh6 Rxc3
22. Nh5 Nc4 23. Qg5 Qd8 24. Be4 Qxg5 25. Bxg5 Ndb6 26. exd6 Nxd6 27. Bf3 Rxe1+
28. Rxe1 Be6 29. Re2 Nf5 30. Rd2 Rc1+ 31. Kf2 Nc4 32. Re2 Ra1 33. Nf6+ gxf6 34.
Bxf6 Bg7 35. Bxg7 Kxg7 36. d5 Bd7 37. g4 Nd4 38. Re7 Rxa2+ 39. Kg3 Nb6 40. d6
cxd6 41. Bd5 Nxd5 42. Rxd7 Nf6 0-1

[Event "Copenhagen Chess Challenge 2008"]
[Site "Ballerup"]
[Date "2008.??.??"]
[Round "9"]
[White "Almasy, Alexander Christian"]
[Black "Haubro, Sigfred"]
[Result "0-1"]
[WhiteElo "1755"]
[BlackElo "2130"]
[PlyCount "54"]
[EventDate "2008.??.??"]
[EventType "swiss"]
[EventRounds "9"]
[EventCountry "DEN"]

1. d4 d5 2. c4 e6 3. Nc3 c6 4. Nf3 f5 5. g3 Nf6 6. Bg2 Be7 7. O-O O-O 8. b3 Qe8
9. Bb2 Qh5 10. Ne5 Nbd7 11. f3 Bd6 12. Nb1 Bc7 13. Nd2 Qh6 14. Rc1 Nxe5 15.
dxe5 Bxe5 16. Bxe5 Qe3+ 17. Kh1 Qxe5 18. cxd5 exd5 19. Re1 f4 20. g4 Bd7 21. e4
fxe3 22. Nf1 d4 23. g5 Nh5 24. Nxe3 dxe3 25. Qxd7 Nf4 26. h4 Rad8 27. Qxb7 Nxg2
0-1

[Event "Copenhagen Chess Challenge 2008"]
[Site "Ballerup"]
[Date "2008.??.??"]
[Round "9"]
[White "Brynell, Stellan"]
[Black "Ivanov, Mikhail"]
[Result "1/2-1/2"]
[WhiteElo "2461"]
[BlackElo "2492"]
[PlyCount "22"]
[EventDate "2008.??.??"]
[EventType "swiss"]
[EventRounds "9"]
[EventCountry "DEN"]

1. d4 d5 2. c4 e6 3. Nf3 a6 4. cxd5 exd5 5. Nc3 c6 6. Bf4 Bd6 7. Bxd6 Qxd6 8.
Qc2 Ne7 9. e3 Bf5 10. Bd3 Bxd3 11. Qxd3 Nd7 1/2-1/2